Information Technology-VII (Record no. 3719)

MARC details
000 -LEADER
fixed length control field 00251nam a22000977a 4500
008 - FIXED-LENGTH DATA ELEMENTS--GENERAL INFORMATION
fixed length control field 161108b xxu||||| |||| 00| 0 eng d
020 ## - INTERNATIONAL STANDARD BOOK NUMBER
International Standard Book Number 9788182963801
100 ## - MAIN ENTRY--PERSONAL NAME
9 (RLIN) 1063
Personal name Pandey.V.K.
245 ## - TITLE STATEMENT
Title Information Technology-VII
260 ## - PUBLICATION, DISTRIBUTION, ETC. (IMPRINT)
Place of publication, distribution, etc. New Delhi
Name of publisher, distributor, etc. APC
Date of publication, distribution, etc. 2012
Holdings
Withdrawn status Lost status Source of classification or shelving scheme Damaged status Koha normalized classification for sorting Not for loan Home library Current library Shelving location Date acquired Total Checkouts Full call number Barcode Date last seen Date last checked out Price effective from Koha item type
    Dewey Decimal Classification   PAN_005_000000000000000_D9   Good Samaritan School Library Good Samaritan School Library Computer Science 11/08/2016 1 PAN005 D-9 PAN9675 12/13/2018 12/07/2018 11/08/2016 BOOK

Powered by Koha